000
00186 a2200097 4500
020
_a
9789707110502
041
_a
spa
100
_a
Anonimo
245
_a
Un sastrecillo valiente
942
_c
BK
999
_c
9264
_d
9264